| 000 | 004700000a22001810004500 | ||
|---|---|---|---|
| 020 | _a0-87808-220-4 | ||
| 041 | 0 | _aENG | |
| 082 | 0 | 4 | _aG 253 M7871d |
| 100 | 1 | _aMontgomery, Jim | |
| 245 | 1 | 0 | _aDawn 2000 : 7 Million churches to go / Jim Montgomery |
| 260 | _aPasadena, CA., USA : William Carey | ||
| 300 | _a230 Pag | ||
| 001 | 6313 | ||
| 942 | _cBK | ||
| 999 |
_c36586 _d36586 |
||
| 336 |
_atexto _btxt _2rdacontent |
||
| 337 |
_2rdamedia _asin mediación _bn |
||
| 338 |
_2rdacarrier _avolumen _bnc |
||